Discriminations sur le marché de l'emploi Origine, couleur de peau, nationalité. De quoi s'agit-il? Comment réagir? Informations et conseils pratiques

Uloženo v:
Podrobná bibliografie
Korporativní autor: Centre pour l'égalité des chances et la lutte contre le racisme
Médium: Kniha
Jazyk:angličtina
Vydáno: Bruxelles Centre pour l'égalité des chances et la lutte contre le racisme 2009
Tagy: Přidat tag
Žádné tagy, Buďte první, kdo vytvoří štítek k tomuto záznamu!

MARC

LEADER 00000nam a2200000 4500
005 20240529201643.0
008 240529b |||||||| |||| 00| 0 eng d
040 |c GP 
110 |a Centre pour l'égalité des chances et la lutte contre le racisme 
245 |a Discriminations sur le marché de l'emploi  |b Origine, couleur de peau, nationalité. De quoi s'agit-il? Comment réagir? Informations et conseils pratiques 
260 |a Bruxelles  |b Centre pour l'égalité des chances et la lutte contre le racisme  |c 2009 
942 |2 ddc  |c BK  |n 0 
952 |0 0  |1 0  |2 ddc  |4 0  |6 331_000000000000000_CEN  |7 1  |9 1333  |a RM  |b RM  |d 2024-05-29  |l 0  |o 331 CEN  |p 167  |r 2024-05-29 20:17:16  |w 2024-05-29  |y BK 
999 |c 1230  |d 1230